NFL Pro Bowl Defensive Tackles 2010s - Statistics

General Stats
  • This quiz has been taken 14 times
  • The average score is 43 of 83
Answer Stats
Year Team Player % Correct
2019 Rams Aaron Donald
100%
2018 Rams Aaron Donald
100%
2017 Rams Aaron Donald
100%
2016 Rams Aaron Donald
100%
2015 Rams Aaron Donald
100%
2014 Rams Aaron Donald
100%
2019 Chiefs Chris Jones
92%
2018 Steelers Cameron Heyward
85%
2015 Cardinals Calais Campbell
77%
2019 Eagles Fletcher Cox
77%
2018 Eagles Fletcher Cox
77%
2017 Eagles Fletcher Cox
77%
2016 Eagles Fletcher Cox
77%
2015 Eagles Fletcher Cox
77%
2015 Bengals Geno Atkin
77%
2019 Bengals Geno Atkins
77%
2018 Bengals Geno Atkins
77%
2017 Bengals Geno Atkins
77%
2016 Bengals Geno Atkins
77%
2014 Bengals Geno Atkins
77%
2012 Bengals Geno Atkins
77%
2011 Bengals Geno Atkins
77%
2016 Dolphins Ndamukong Suh
77%
2014 Lions Ndamukong Suh
77%
2013 Lions Ndamukong Suh
77%
2012 Lions Ndamukong Suh
77%
2010 Lions Ndamukong Suh
77%
2016 Bills Kyle Williams
69%
2014 Bills Kyle Williams
69%
2013 Bills Kyle Williams
69%
2012 Bills Kyle Williams
69%
2010 Bills Kyle Williams
69%
2019 Falcons Grady Jarrett
62%
2013 Ravens Haloti Ngata
62%
2012 Ravens Haloti Ngata
62%
2011 Ravens Haloti Ngata
62%
2010 Ravens Haloti Ngata
62%
2013 49ers Justin Smith
62%
2012 49ers Justin Smith
62%
2011 49ers Justin Smith
62%
2010 49ers Justin Smith
62%
2017 Buccaneers Gerald McCoy
54%
2016 Buccaneers Gerald McCoy
54%
2015 Buccaneers Gerald McCoy
54%
2014 Buccaneers Gerald McCoy
54%
2013 Buccaneers Gerald McCoy
54%
2012 Buccaneers Gerald McCoy
54%
2012 Patriots Vince Wilfork
54%
2011 Patriots Vince Wilfork
54%
2010 Patriots Vince Wilfork
54%
2018 49ers DeForest Buckner
46%
2019 Titans Jurrell Casey
38%
2018 Titans Jurrell Casey
38%
2017 Titans Jurrell Casey
38%
2016 Titans Jurrell Casey
38%
2015 Titans Jurrell Casey
38%
2014 Bills Marcell Dareus
38%
2013 Bills Marcell Dareus
38%
2015 Jets Muhammad Wilkerson
38%
2014 Jets Sheldon Richardson
38%
2014 Chiefs Dontari Poe
31%
2013 Chiefs Dontari Poe
31%
2019 Packers Kenny Clark
31%
2011 Raiders Richard Seymour
31%
2010 Raiders Richard Seymour
31%
2015 Panthers Kawann Short
23%
2011 Cowboys Jay Ratliff
15%
2017 Jaguars Malik Jackson
15%
2018 Bears Akiem Hicks
8%
2011 Packers B.J. Raji
8%
2018 Ravens Brandon Williams
8%
2010 Cardinals Darnell Dockett
8%
2010 Cowboys Jay Ratliff
8%
2018 Panthers Kawann Short
8%
2010 Vikings Kevin Williams
8%
2018 Bills Kyle Williams
8%
2017 Vikings Linval Joseph
8%
2016 Vikings Linval Joseph
8%
2017 Packers Mike Daniels
8%
2012 Dolphins Randy Starks
8%
2012 Bears Henry Melton
0%
2013 Cowboys Jason Hatcher
0%
2011 Dolphins Paul Soliai
0%
No matching quizzes found
Score Distribution
Percent of People with Each Score
Percentile by Number Answered
Your Score History
You have not taken this quiz